=LDR 00000nam 2200000 4500 =001 INLIS000000000021443 =005 20130612120314 =008 ***********************************Ind** =035 ##$$0010-061300000021443 =041 ##$$a Ind =082 ##$$a 635.9 =090 ##$$a 635.9, Tan t =100 ##$$a Redaksi Trubus =245 ##$$a Tanaman Hias Indoor Populer, Redaksi Trubus =260 ##$$a 1997 $b Jakarta =300 ##$$a v, 54 hlm, Ilus, 21 cm =650 ##$$a Tanaman Hias =850 ##$$a NBPNMAT